000 00772nam a22001817a 4500
003 UA-OsUOA
001 19292
007 ta
008 20040803b un ||||| |||| 00| 0 ukr d
100 _aЮр'єв О.
942 _cSA
040 _aUA-OsUOA
_cUA-OsUOA
_dUA-OsUOA
245 _aАкадеміки - аграрники високо оцінили роботу сарненських дослідників
_b[Виїзне засідання від-ня землеробства Укр. академії аграр. наук відбулося на Сарнен. наук.-дослід. станції]
300 _aС.2
955 _a0
773 0 _w0
_tСарненські новини
_dСарни
_d2004
_g№77/20 лип./
650 7 _aЗемлеробство
_2UDC
999 _c305463
_d305463